|
|
|
|
| LEADER |
01835nam a2200421 a 4500 |
| 001 |
000436043 |
| 003 |
CZ BrMZK |
| 005 |
20070709114050.0 |
| 007 |
ta |
| 008 |
990315s1999 xr e p cze d |
| 015 |
|
|
|a cnb000766735
|
| 020 |
|
|
|a 80-7079-203-5
|
| 035 |
|
|
|a (OCoLC)43807589
|
| 040 |
|
|
|a BOA001
|b cze
|
| 072 |
|
7 |
|a 316
|x Sociologie
|2 Konspekt
|9 18
|
| 072 |
|
7 |
|a 37.016
|x Učební osnovy. Vyučovací předměty. Učebnice
|2 Konspekt
|9 22
|
| 080 |
|
|
|a 316:303
|2 MRF
|
| 080 |
|
|
|a 159.9.07
|2 MRF
|
| 080 |
|
|
|a 316.6:001.891
|2 MRF
|
| 080 |
|
|
|a (075.8)
|2 MRF
|
| 100 |
1 |
|
|a Surynek, Alois,
|d 1954-
|7 jo20000082636
|4 aut
|
| 245 |
1 |
0 |
|a Metody sociologického a sociálně psychologického výzkumu /
|c Alois Surynek, Růžena Komárková, Eva Kašparová
|
| 250 |
|
|
|a Vyd. 1.
|
| 260 |
|
|
|a Praha :
|b Vysoká škola ekonomická,
|c 1999
|
| 300 |
|
|
|a 119 s. ;
|c 29 cm
|
| 500 |
|
|
|a Vyd. Fak. podnikohospodářská. - Určeno pro inženýrské studium na VŠE. - Bibliogr.
|
| 500 |
|
|
|a Dostupné též v digitální podobě v aplikaci Kramerius
|
| 650 |
0 |
7 |
|a sociologický výzkum
|7 ph125750
|x metodologie
|2 czenas
|
| 650 |
0 |
7 |
|a psychologický výzkum
|7 ph124806
|x metodologie
|2 czenas
|
| 650 |
0 |
7 |
|a sociálněpsychologický výzkum
|7 ph125772
|x metodologie
|2 czenas
|
| 655 |
|
7 |
|a učebnice vysokých škol
|7 fd133772
|2 czenas
|
| 700 |
1 |
|
|a Kašparová, Eva,
|d 1958-
|7 jo20000082638
|4 aut
|
| 700 |
1 |
|
|a Komárková, Růžena,
|d 1944-
|7 jo20000082637
|4 aut
|
| 710 |
2 |
|
|a Vysoká škola ekonomická v Praze.
|b Podnikohospodářská fakulta
|7 kn20010709402
|
| 856 |
4 |
1 |
|u http://www.digitalniknihovna.cz/mzk/uuid/uuid:e9952c70-32f6-11e6-ae84-005056827e51
|y Digitalizovaný dokument
|x NDK
|
| 910 |
|
|
|a BOA001
|b 4-1062.990
|
| 990 |
|
|
|a BK
|
| 996 |
7 |
|
|b 2610099132
|c 4-1062.990
|l MZK
|r Sklad / do 1 hodiny
|n 56
|p p.v.
|w 000436043
|u 000010
|a 1
|e BOA001
|j MZK50
|s A
|